Ecoedición : hacia una ecología editoral /

Bibliographic Details
Main Author: Cuéllar Martínez, Marina (Author)
Format: Electronic eBook
Language:Spanish
Published: Bogotá, Colombia : Editorial UTADEO, [2025]
Edition:Primera edición en Colombia.
Subjects:
Online Access:Digitalia Hispánica

MARC

LEADER 00000nam a2200000Ii 4500
001 DIGEJTLOZ238
003 NyNyDIG
006 m o d
007 cr |||||||||||
008 251104s2025 ck ob 000 0 spa d
035 |a (OCoLC)1548425341 
040 |a DGITA  |b eng  |e rda  |e pn  |c DGITA 
020 |a 9789587253733  |q digital 
020 |z 9789587253726  |q impreso 
024 7 |a https://doi.org/10.21789/9789587253726  |2 doi 
043 |a n-mx---  |a cl----- 
050 1 4 |a Z244.5 ebook 
245 0 0 |a Ecoedición :  |b hacia una ecología editoral /  |c Marina Cuéllar Martínez [and 12 others]. 
250 |a Primera edición en Colombia. 
264 1 |a Bogotá, Colombia :  |b Editorial UTADEO,  |c [2025] 
300 |a 1 online resource. 
336 |a text  |b txt  |2 rdacontent 
337 |a computer  |b c  |2 rdamedia 
338 |a online resource  |b cr  |2 rdacarrier 
347 |a text file  |2 rdaft 
347 |b PDF 
504 |a Includes bibliographical references. 
588 0 |a Online resource; title from PDF title page (Digitalia, viewed November 4, 2025) 
650 0 |a Printing industry  |x Environmental aspects  |z Mexico. 
650 0 |a Book industries and trade  |x Environmental aspects  |z Mexico. 
650 0 |a Printing industry  |x Environmental aspects  |z Mexico. 
650 0 |a Book industries and trade  |x Environmental aspects  |z Mexico. 
700 1 |a Cuéllar Martínez, Marina,  |e author. 
791 2 |a Digitalia (Firm),  |e distributor. 
793 0 |g Digitalia eBook Collection:  |a Editorial Jorge Tadeo Lozano 
776 0 8 |i Print version:  |t Ecoedición.  |b Primera edición en Colombia.  |d Bogotá, Colombia : Editorial UTADEO, [2025]  |z 9789587253726 
856 4 0 |3 Digitalia Hispánica  |u https://www.digitaliapublishing.com/a/172609/ 
910 |a Premium collection: 2025